European monetary integration : From the European monetary system to European monetary union

Αποθηκεύτηκε σε:
Λεπτομέρειες βιβλιογραφικής εγγραφής
Κύριος συγγραφέας: Gros, Daniel
Άλλοι συγγραφείς: Thygesen, Niels
Μορφή: Βιβλίο
Γλώσσα:English
Δημοσίευση: London : Longman , 1994
Θέματα:
Ετικέτες: Προσθήκη ετικέτας
Δεν υπάρχουν, Καταχωρήστε ετικέτα πρώτοι!

MARC

LEADER 00000nam a2200000 i 4500
001 1/50964
008 960425s1994 eng d
020 |a 0-582-07921-7 
035 |l 10027093 
040 |a GR-MY-UA  |b gre  |e aacr 
041 0 |a eng 
082 0 |a 332.45094 
100 1 |a Gros, Daniel. 
245 1 0 |a European monetary integration :  |b From the European monetary system to European monetary union /  |c Daniel Gros, Niels Thygesen 
260 |a London :   |b Longman ,   |c 1994 
300 |a 494 p. 
500 |a Includes index 
610 1 0 |a European Monetary System (Organization) 
650 0 0 |a Monetary policy  |z European Economic Community countries. 
700 1 |a Thygesen, Niels. 
852 |a INST  |b CHIOS  |e 19960425  |h 332.45094 GRO  |p 005200003967  |q 005200003967  |t BK  |y 0 
909 |a Χ  |b 037329